Teorema /

Gespeichert in:
Bibliographische Detailangaben
1. Verfasser: Pasolini, Pier Paolo (Verfasst von)
Format: Buch
Sprache:Italienisch
Veröffentlicht: Milano : Garzanti, 1974
Schriftenreihe:I bianchi
Tags: Tag hinzufügen
Keine Tags, Fügen Sie das erste Tag hinzu!

MARC

LEADER 00000nam a22000007i 4500
001 IT\ICCU\SBL\0597662
003 ItRI
005 20250828225524.0
008 910930s1974 it |||||| ||||| |||||c
015 |2 IT  |a 7410217 
040 |b ita  |c ct 
041 7 |a ita  |2 ISO-639-2 
082 |a 853.91  |2 17 
082 |a 853.91  |2 18 
100 1 |a Pasolini, Pier Paolo  |0 IT\ICCU\CFIV\001068  |4 aut 
245 1 0 |a Teorema /  |c Pier Paolo Pasolini. 
260 |a Milano :  |b Garzanti,  |c 1974 
300 |a 203 p. ;  |c 19 cm. 
830 2 |a I bianchi  |0 IT\ICCU\RAV\0002187 
942 |2 ddc  |c BK 
952 |0 0  |1 0  |2 ddc  |4 0  |6 B_LNR02PASPITEO11  |7 0  |9 5622  |a MI  |b MI  |d 1989-01-02  |i 1510  |l 0  |o B-LNR02-PASPI-TEO11  |p CDOM1510  |r 2025-07-13 16:28:00  |w 2025-07-13  |x DONO  |y BK 
981 1 |6 z01  |a i   |b xxxe  
982 1 |6 z01  |a n 
999 |c 4480  |d 4480